Laporan Maklum Balas Daripada Perbendaharaan Ke Atas Isu-Isu Utama Dalam Laporan Ketua Audit Negara Mengenai Aktiviti Kementerian/Jabatan dan Pengurusa Syarikat Kerajaan Persekutuan Serta Aktiviti Badan Berkanun Persekutuan dan Pengurusan Syarikat Sunsidiari Bagi Tahun 2012 : Siri 1

Bibliographic Details
Corporate Author: Kementerian Kewangan Malaysia
Format: Book
Published: Putrajaya : Kementerian Kewangan Malaysia Malaysia , 2012
Subjects:

MARC

LEADER 00000cam a2200000 7i4500
001 0000004029
005 20150108.0
090 0 0 |a 352.4390959505   |b LAP 2012 
245 0 0 |a Laporan Maklum Balas Daripada Perbendaharaan Ke Atas Isu-Isu Utama Dalam Laporan Ketua Audit Negara Mengenai Aktiviti Kementerian/Jabatan dan Pengurusa Syarikat Kerajaan Persekutuan Serta Aktiviti Badan Berkanun Persekutuan dan Pengurusan Syarikat Sunsidiari Bagi Tahun 2012 :   |b Siri 1   |c Kementerian Kewangan Malaysia 
260 0 0 |a Putrajaya :   |b Kementerian Kewangan Malaysia Malaysia ,   |c 2012 
300 |a viii, 375p. :   |b il. ;   |c 21 cm x 30 cm. 
650 0 0 |a Auditing, Internal   |z Malaysia. 
650 0 0 |a Auditor's reports   |z Malaysia 
710 1 1 |a Kementerian Kewangan Malaysia 
998 |a JPSM 
999 |a 007854   |b Monograph   |c Open Shelf   |e Default branch